| 000 | 00347nam a22001577a 4500 | ||
|---|---|---|---|
| 003 | MACL | ||
| 005 | 20151128132531.0 | ||
| 008 | 151128b xxu||||| |||| 00| 0 eng d | ||
| 040 | _cMACL | ||
| 041 | _aEnglish | ||
| 082 | _a821/DUT | ||
| 100 |
_aDutta,Paras _918526 |
||
| 245 | _aThe Golden Rings | ||
| 650 |
_aPoetry _918527 |
||
| 942 |
_2ddc _cBK |
||
| 999 |
_c51266 _d51266 |
||